[Event "Chambery op 9th"]
[Site "Chambery"]
[Date "2003.08.08"]
[Round "7"]
[White "Renard, Stephane"]
[Black "Hiegel, Jean"]
[Result "1/2-1/2"]
[WhiteElo "2024"]
[BlackElo "2115"]
[PlyCount "89"]
[EventDate "2003.08.02"]
[EventType "swiss"]
[EventRounds "9"]
[EventCountry "FRA"]
[SourceTitle "EXT 2020"]
[Source "ChessBase"]
[SourceDate "2019.10.17"]
[SourceVersion "1"]
[SourceVersionDate "2019.10.17"]
[SourceQuality "1"]

1. f4 d5 2. Nf3 c5 3. e3 Nc6 4. Bb5 a6 5. Bxc6+ bxc6 6. b3 Nf6 7. Bb2 e6 8. Ne5 Bb7 9. 0-0 Bd6 10. Rf3 Qe7 11. d3 0-0-0 12. Nd2 Ne8 13. Rf2 f6 14. Nef3 e5 15. fxe5 fxe5 16. e4 Nf6 17. c4 Ng4 18. Re2 d4 19. Nf1 Rdf8 20. h3 h5 21. Bc1 Nh6 22. Rf2 Nf7 23. Qd2 Kd7 24. Ng5 Nxg5 25. Qxg5 Qxg5 26. Bxg5 Be7 27. Rxf8 Rxf8 28. Bd2 g5 29. Nh2 Kd6 30. Rf1 Rg8 31. Rf7 Bc8 32. Rh7 g4 33. hxg4 hxg4 34. g3 Be6 35. Kg2 Bd7 36. Ba5 Bg5 37. Bb6 Be7 38. Bxc5+ Kxc5 39. Rxe7 Kd6 40. Rh7 a5 41. Kf2 c5 42. Rh6+ Kc7 43. Rf6 a4 44. bxa4 Bxa4 45. Re6 1/2-1/2

[Event "Metz op 21st"]
[Site "Metz"]
[Date "2003.04.20"]
[Round "2"]
[White "Hiegel, Jean"]
[Black "Roeder, Mathias"]
[Result "1/2-1/2"]
[WhiteElo "2112"]
[BlackElo "2447"]
[PlyCount "126"]
[EventDate "2003.04.19"]
[EventType "swiss"]
[EventRounds "9"]
[EventCountry "FRA"]
[SourceTitle "CBM 093 Extra"]
[Source "ChessBase"]
[SourceDate "2003.05.09"]
[SourceVersion "1"]
[SourceVersionDate "2003.05.09"]
[SourceQuality "1"]

1. e4 c5 2. Nf3 d6 3. d4 cxd4 4. Nxd4 Nf6 5. Nc3 a6 6. Be2 e5 7. Nb3 Be7 8. Be3 Be6 9. Bf3 Nbd7 10. a4 Nb6 11. 0-0 Nc4 12. Bc1 Rc8 13. Re1 0-0 14. Nd2 h6 15. b3 Nb6 16. Bb2 Rc5 17. a5 Nbd7 18. b4 Rc7 19. Nd5 Nxd5 20. exd5 Bf5 21. c4 Bd3 22. Qb3 Bg6 23. Ne4 f5 24. Nxd6 Bxd6 25. c5 Qf6 26. cxd6 Qxd6 27. Rac1 Rfc8 28. g3 Bf7 29. Rxc7 Rxc7 30. Rc1 Rxc1+ 31. Bxc1 e4 32. Bf4 Qxd5 33. Qxd5 Bxd5 34. Be2 Kf7 35. h4 Ke6 36. g4 Ne5 37. g5 hxg5 38. Bxg5 g6 39. h5 gxh5 40. Bxh5 Bc6 41. Bd1 Bb5 42. Kg2 Kd5 43. Bb3+ Bc4 44. Bd1 Nd3 45. Bd2 f4 46. Bc2 e3 47. fxe3 fxe3 48. Bc3 Ne5 49. Kg3 e2 50. Kf4 Ba2 51. Be4+ Kc4 52. Be1 Nd3+ 53. Bxd3+ Kxd3 54. Kf3 Bd5+ 55. Kf2 Bc6 56. Kg3 Ke3 57. Bc3 Be8 58. Be1 Bh5 59. Bc3 Kd3 60. Be1 Kc2 61. Kg2 Kd1 62. Kf2 Bf3 63. Bc3 Bc6 1/2-1/2

[Event "FRA-chT2O 0203"]
[Site "France"]
[Date "2003.04.06"]
[Round "11.3"]
[White "Hiegel, Jean"]
[Black "Benitah, Yohan"]
[Result "0-1"]
[WhiteElo "2050"]
[BlackElo "2341"]
[PlyCount "64"]
[EventDate "2002.10.??"]
[EventType "team"]
[EventRounds "11"]
[EventCountry "FRA"]
[SourceTitle "EXT 2004"]
[Source "ChessBase"]
[SourceDate "2003.11.25"]
[SourceVersion "1"]
[SourceVersionDate "2003.11.25"]
[SourceQuality "1"]
[WhiteTeam "Saverne"]
[BlackTeam "Lyon Olympique"]
[WhiteTeamCountry "FRA"]
[BlackTeamCountry "FRA"]

1. d4 d5 2. Nf3 Nf6 3. Bg5 Ne4 4. Bf4 c5 5. e3 Nc6 6. Nbd2 Qb6 7. Nxe4 dxe4 8. d5 exf3 9. dxc6 Qxb2 10. Rb1 Qc3+ 11. Qd2 Qxd2+ 12. Kxd2 bxc6 13. gxf3 f6 14. Bc7 e5 15. Bc4 Kd7 16. Ba5 Bd6 17. Rhg1 g6 18. h4 Rb8 19. Rbe1 Ke7 20. h5 g5 21. f4 h6 22. fxe5 Bxe5 23. f4 Bd6 24. Bc3 Be6 25. Kd3 Bh3 26. Rg3 Bf5+ 27. e4 Bh7 28. Bxf6+ Kxf6 29. fxg5+ hxg5 30. Rf3+ Bf4 31. Kc3 Ke5 32. Bf7 Rhf8 0-1

[Event "FRA-chT2O 0203"]
[Site "France"]
[Date "2003.03.15"]
[Round "8.7"]
[White "Hiegel, Jean"]
[Black "Jablonski, Noham"]
[Result "0-1"]
[WhiteElo "2050"]
[BlackElo "2182"]
[PlyCount "80"]
[EventDate "2002.10.??"]
[EventType "team"]
[EventRounds "11"]
[EventCountry "FRA"]
[SourceTitle "EXT 2004"]
[Source "ChessBase"]
[SourceDate "2003.11.25"]
[SourceVersion "1"]
[SourceVersionDate "2003.11.25"]
[SourceQuality "1"]
[WhiteTeam "Saverne"]
[BlackTeam "Vincennes"]
[WhiteTeamCountry "FRA"]
[BlackTeamCountry "FRA"]

1. d4 d5 2. c4 e6 3. Nc3 Bb4 4. cxd5 exd5 5. Nf3 Nf6 6. Bg5 Nbd7 7. Qb3 c5 8. 0-0-0 Bxc3 9. Qxc3 0-0 10. e3 c4 11. Nd2 b5 12. f3 Qb6 13. e4 dxe4 14. fxe4 Bb7 15. Qc2 Qxd4 16. Nxc4 Qc5 17. Be3 Qe7 18. Nd6 Nxe4 19. Nxb7 Rac8 20. Bd3 Rxc2+ 21. Bxc2 Ndf6 22. Na5 Qc7 23. Nb3 Rc8 24. Na1 Ng4 25. Rhe1 Nxe3 26. Rxe3 Qf4 27. Rde1 a5 28. Kd1 Rd8+ 29. Kc1 Nd6 30. Kb1 g6 31. g3 Qf6 32. b3 a4 33. Bd3 a3 34. R1e2 Rc8 35. b4 Nc4 36. Bxc4 Rxc4 37. Nb3 Qf5+ 38. Ka1 Qd5 39. Re1 Rc2 40. h4 Qg2 0-1

[Event "FRA-chT2O 0203"]
[Site "France"]
[Date "2003.01.18"]
[Round "5.7"]
[White "Hiegel, Jean"]
[Black "Ziegler, Yvan"]
[Result "1-0"]
[WhiteElo "2050"]
[BlackElo "2047"]
[PlyCount "55"]
[EventDate "2002.10.??"]
[EventType "team"]
[EventRounds "11"]
[EventCountry "FRA"]
[SourceTitle "EXT 2004"]
[Source "ChessBase"]
[SourceDate "2003.11.25"]
[SourceVersion "1"]
[SourceVersionDate "2003.11.25"]
[SourceQuality "1"]
[WhiteTeam "Saverne"]
[BlackTeam "Selestat"]
[WhiteTeamCountry "FRA"]
[BlackTeamCountry "FRA"]

1. e4 e5 2. Nc3 Nf6 3. f4 d5 4. fxe5 Nxe4 5. Nf3 Bg4 6. Be2 Nc6 7. d4 Bb4 8. Qd3 Bf5 9. Qe3 Ne7 10. 0-0 c5 11. Nxe4 dxe4 12. Nh4 cxd4 13. Qb3 Qb6 14. Nxf5 Nxf5 15. Rxf5 d3+ 16. Kh1 dxe2 17. Qxf7+ Kd8 18. Bg5+ Kc8 19. Qc4+ Kb8 20. Qxe2 Qc6 21. c3 Bc5 22. Re1 h6 23. Bf4 Rd8 24. e6+ Kc8 25. Re5 g5 26. Bc1 Bd6 27. Rxe4 b6 28. Rc4 1-0

[Event "FRA-chT2O 0203"]
[Site "France"]
[Date "2002.11.16"]
[Round "2.8"]
[White "Hiegel, Jean"]
[Black "Kirsch, Bernard"]
[Result "1-0"]
[WhiteElo "2050"]
[BlackElo "2200"]
[PlyCount "81"]
[EventDate "2002.10.??"]
[EventType "team"]
[EventRounds "11"]
[EventCountry "FRA"]
[SourceTitle "EXT 2004"]
[Source "ChessBase"]
[SourceDate "2003.11.25"]
[SourceVersion "1"]
[SourceVersionDate "2003.11.25"]
[SourceQuality "1"]
[WhiteTeam "Saverne"]
[BlackTeam "Metz Fischer II"]
[WhiteTeamCountry "FRA"]
[BlackTeamCountry "FRA"]

1. c4 Nf6 2. Nc3 c5 3. Nf3 d5 4. cxd5 Nxd5 5. e4 Nb4 6. d3 Bg4 7. Be2 N8c6 8. a3 Bxf3 9. gxf3 Na6 10. f4 Qd7 11. Be3 0-0-0 12. b4 cxb4 13. Nd5 Kb8 14. Nxb4 Naxb4 15. axb4 e5 16. 0-0 Bxb4 17. fxe5 Bc3 18. Qa4 Bxa1 19. Rxa1 a6 20. Bb6 Nd4 21. Qxd7 Nxe2+ 22. Kf1 Rxd7 23. Kxe2 Rc8 24. d4 Rc2+ 25. Ke3 Rb2 26. Bc5 b6 27. Bd6+ Kb7 28. d5 a5 29. f4 g6 30. f5 Kc8 31. f6 Rb3+ 32. Kd4 Kd8 33. Rc1 a4 34. e6 fxe6 35. dxe6 Rxd6+ 36. Ke5 Rbd3 37. e7+ Kd7 38. Rc7+ Ke8 39. Rc8+ Rd8 40. Rxd8+ Rxd8 41. Ke6 1-0